الكفاح العربى ونهاية الاحتلال الاستعمارى المسيحى الاوروبى / (Record no. 62844)
[ view plain ]
| 000 -الفاتح | |
|---|---|
| حقل البيانات ثابتة الطول | 00987nam a2200229 4500 |
| 005 - وقت وتاريخ اخر تعامل مع التسجيلة | |
| رقم الضبط | 20240530110610.0 |
| 008 - عناصر البيانات ثابتة الطول - معلومات عامة | |
| حقل البيانات ثابتة الطول | 160519s2014 ua g b 000 0 ara d |
| 017 ## - رقم الايداع القانونى | |
| رقم الايداع القانونى | 15533 |
| المصدر ( الهيئة المختصة) | مصر. دار الكتب |
| التاريخ | 2013 |
| 020 ## - الرقم الدولى المعيارى للكتب | |
| الرقم الدولى المعيارى للكتاب | 9789773505312 |
| 040 ## - مصدر الفهرسة | |
| وكالة الفهرسة الأصلية | EG-CaGPL |
| 082 04 - رقم تصنيف ديوى العشرى | |
| رقم التصنيف | 940.18\ |
| رقم المادة | م ك |
| رقم الطبعة | 21 |
| 100 0# - المدخل الرئيسى - إسم شخصى | |
| الإسم الشخصى | محمد حسن العيدروس |
| 245 02 - بيان العنوان | |
| العنوان | الكفاح العربى ونهاية الاحتلال الاستعمارى المسيحى الاوروبى / |
| بيان المسئوليه,etc | محمد حسن العيدروس. |
| 250 ## - بيان الطبعة | |
| بيان الطبعة | ط .1. |
| 260 ## - PUBLICATION, DISTRIBUTION, ETC. (IMPRINT) | |
| تاريخ النشر أو التوزيع | 2014. |
| 300 ## - الوصف المادى | |
| التعداد | 383 ص. ؛ |
| أبعاد الوعاء | 25 سم. |
| 490 ## - بيان السلسلة | |
| عنوان السلسلة | الموسوعة التاريخية والعسكرية : العرب والصليبيين |
| 504 ## - تبصرة ببليوجرافية | |
| تبصرة ببليوجرافية,الخ | يشتمل على ارجاعات ببليوجرافية. |
| 650 04 - المدخل الاضافى بالموضوع-مصطلح موضوعى | |
| مصطلح موضوعي | الحروب الصليبية |
| 650 04 - المدخل الاضافى بالموضوع-مصطلح موضوعى | |
| مصطلح موضوعي | التاريخ الاسلامى |
| التقسيم الفرعي الشكلي | دوائر المعارف |
| 942 ## - عناصر المدخل الإضافي( كوها) | |
| مصدر التصنيف او مخطط الترفيف | Dewey Decimal Classification |
| Koha [default] item type | كتاب |
| 260 ## - PUBLICATION, DISTRIBUTION, ETC. (IMPRINT) | |
| -- | القاهرة ؛ الكويت ؛ الجزائر : |
| -- | دار الكتاب الحديث، |
| حالة التراجع | حالة الفقد | حالة تلف | ليس للاعارة | المكان المؤقت | الموقع الحالى | موقع الترفيف | تاريخ الاكتساب | اجمالي اﻻعارات | رقم الطلب | الباركود | تاريخ اخر مشاهدة | تاريخ تفعيل السعر | نوع وعاء كوها |
|---|---|---|---|---|---|---|---|---|---|---|---|---|---|
| مكتبة القاهرة الكبرى | مكتبة القاهرة الكبرى | القاعة الرئيسية | 11/16/2016 | 940.18\ م ك | 162722 | 11/16/2016 | 11/16/2016 | كتاب |

